000 00207 a2200097 4500
001 47434
100 _aMaccle H
245 _aSpearhead general
260 _aLondon
_bOdhams press
_c
090 _c30462
_d30462
942 _aNUST-CAE
_cM
_c22739
999 _c282507
_d282507